| 000 | 00507nam a2200169 a 4500 | ||
|---|---|---|---|
| 005 | 20140310182406.0 | ||
| 008 | 030508s19uu xx 00 eng d | ||
| 020 | _a97108-5180-2 | ||
| 050 |
_aJQ 1411 _b.N793 1994 |
||
| 100 | _aNolledo, Jose | ||
| 245 | _aThe Constitution of the Republic of the Philippines explained /. | ||
| 260 |
_aMandaluyong : _bNational Bookstore, _c1994. |
||
| 300 |
_a544 p. : _bmusic ; _c26 cm. |
||
| 650 | _aConstitutions - - Philippines. | ||
| 942 |
_cBK _2lcc |
||
| 999 |
_c12714 _d12714 |
||